MARC

LEADER 00000nam0a2200000 4500
001 323157
005 20231102003538.0
035 |a (RuTPU)RU\TPU\book\348715 
035 |a RU\TPU\book\26570 
090 |a 323157 
100 |a 20161010d1973 m y0rusy50 ca 
101 0 |a rus 
102 |a RU 
105 |a a j 001zy 
200 1 |a Теория пирометаллургических процессов  |e учебное пособие для вузов  |f А. В. Ванюков, В. Я. Зайцев 
210 |a Москва  |c Металлургия  |d 1973 
215 |a 504 с.  |c ил. 
320 |a Библиогр.: с. 502-504 
606 1 |a Пирометаллургия  |x Цветные металлы  |2 stltpush  |3 (RuTPU)RU\TPU\subj\48805  |9 67644 
610 1 |a металлургия 
610 1 |a твердые тела 
610 1 |a жидкие состояния 
610 1 |a строение 
610 1 |a вещества 
610 1 |a пирометаллургия 
610 1 |a термодинамика 
610 1 |a дефектные структуры 
610 1 |a расплавы 
610 1 |a растворы 
610 1 |a учебные пособия 
610 1 |a цветная металлургия 
675 |a 669.2.053(075.8)  |v 4 
700 1 |a Ванюков  |b А. В.  |g Андрей Владимирович 
701 1 |a Зайцев  |b В. Я.  |g Владимир Яковлевич 
801 0 |a RU  |b 63413507  |c 20011209  |g PSBO 
801 2 |a RU  |b 63413507  |c 20171124  |g PSBO 
900 |a Пирометаллургические процессы в технологии редких элементов 
942 |c BK